000 00604cam a2200229 4500
001 M1744
008 090401t1994 xxu||||| |||| 00| 0 eng d
035 _a(Sirsi) u34165
041 _aeng
050 _a622.1023
090 _aRICS 1994/92ABCD
110 _aRoyal Institution of Chartered Surveyors
_94900
245 4 _aThe future of the chartered minerals surveyor.
260 _aLondon
_bRICS
_c1994
300 _a(12)p. ; 30cm.
350 _a0
650 _aMINERALS DIVISION
650 _aMINERALS SURVEYING SERVICES
690 _aMINING AND MINERALS
942 _n0
948 _c04/03/1997
999 _c89914
_d89914